Výsledky 24. kola periodických aukcií v RM-Systéme Praha
Abecedne usporiadaný zoznam emitentov-účastinných spoločností s nasledovnými údajmi: aukčná cena, uskutočnené obchody, objem obchodov, dolná a horná hranica príp. cenového pásma pre 25. kolo.
Guardado en:
| Formato: | Capítulo de libro |
|---|---|
| Lenguaje: | eslovaco |
| Materias: | |
| Etiquetas: |
Sin Etiquetas, Sea el primero en etiquetar este registro!
|
MARC
| LEADER | 00000naa a2200000 4500 | ||
|---|---|---|---|
| 001 | r016162 | ||
| 005 | 20221213114746.3 | ||
| 041 | 0 | |a slo | |
| 044 | |a SK | ||
| 245 | 1 | 0 | |a Výsledky 24. kola periodických aukcií v RM-Systéme Praha |
| 520 | |a Abecedne usporiadaný zoznam emitentov-účastinných spoločností s nasledovnými údajmi: aukčná cena, uskutočnené obchody, objem obchodov, dolná a horná hranica príp. cenového pásma pre 25. kolo. | ||
| 610 | 2 | 0 | |a trh kapitálový |
| 610 | 2 | 0 | |a Česko |
| 610 | 2 | 0 | |a RM-Systém Praha |
| 610 | 2 | 0 | |a aukcie |
| 610 | 2 | 0 | |a spoločnosti akciové |
| 610 | 2 | 0 | |a akcie |
| 610 | 2 | 0 | |a ceny |
| 610 | 2 | 0 | |a obchody mimoburzové |
| 610 | 2 | 0 | |a 1994 |